000 00347nam a2200121Ia 4500
008 250110s9999 xx 000 0 und d
041 _aeng
100 _aJadhav Pooja
_9182617
245 _aNikhil Kanetkar Badminton Academy Kolhapur
260 _bFinal Year B.Arch ID, Pune
_c2014
300 _a74p
700 _aGuide Name:Chipalkatti Uday
_9210292
999 _c363484
_d363484